01380nam a2200313Ia 4500001000700000003000500007008004100012010001100053040000900064090001800073100004300091245022900134260004100363300001000404440000500414502007600419503000500495650013700500650004200637650004000679901001700719902000600736910000900742942000600751942000600757999001900763952014200782952014200924Z_1905CHAP220113s1996 xx 000 0 und d a164997 cCHAP aTesis G 1130  aGarcía Hernández, Filemón946118 aEfecto del tipo y forma física del grano y forraje en bovinos alimentados con dietas mixtas. Fase 3. Comportamiento /cpor Filemón García Hernández, Joel Humberto Negrete Hueso y Dionisio Rolando Orozco Jiménez aChapingo, Méx. :bEl autor,c1996 a82 h. a aTesis (Ing. Agr. Esp. en Zootecnia) -- UACH. Departamento de Zootecnia a aForrajes I. UACH. Departamento de Zootecnia II. t. III. Negrete Hueso, Joel Humberto IV. Orozco Jiménez, Dionisio Rolando9139013 aGanado vacunoxAlimentación 945429 aGanado vacunoxProducción 945506 aTesis G 1130 aA a1996 c2 c2 c164997d164997 00102local4051708TESISaZbZd2007-08-20eEl autorl0oTesis G37 1130 1996p5101001725r2022-01-18 00:00:00tEj.1w2022-01-18yTESIS 00102local4055708TESISaZbZd2005-11-09eEl autorl0oTesis G37 1130 1996p5101001726r2022-01-18 00:00:00tEj.2w2022-01-18yTESIS